Bohaterowie MCU (Marvel Cinematic Universe) - Statystyki

Ogólne statystyki
  • Ten quiz został rozwiązany 211 razy
    175 od ostatniego zresetowania
  • Średni wynik to 61 z 119
Statystyki odpowiedzi
Obrazkowy Odpowiedź % Poprawnych
Iron Man
100%
Loki
99%
Spider-Man
99%
Thor
99%
Deadpool
98%
Kapitan Ameryka
97%
Czarna Wdowa
96%
Hulk
95%
Wolverine
95%
Doktor Strange
93%
Groot
93%
Venom
93%
Czarna Pantera
92%
Thanos
92%
Ant-Man
91%
Kapitan Marvel
91%
Nick Fury
90%
Rocket
90%
Szkarłatna Wiedźma
90%
Gamora
89%
Hawkeye
89%
Star-Lord
88%
Vision
87%
Zimowy Żołnierz
86%
Falcon
84%
Daredevil
79%
MJ
78%
Nebula
77%
Ciocia May
75%
Drax
75%
Quicksilver
75%
Zielony Goblin
73%
Czerwona Czaszka
72%
Happy Hogan
72%
Hela
72%
Osa
72%
She-Hulk
71%
Shuri
71%
Ultron
71%
Peggy Carter
69%
War Machine
69%
Moon Knight
67%
Mysterio
65%
Walkiria
64%
Doktor Octopus
63%
Ned Leeds
63%
Wilson Fisk
63%
Heimdall
62%
Jaszczur
62%
Mantis
60%
Sandman
60%
Shang-Chi
60%
Wong
60%
Yondu
59%
Howard Stark
57%
Maria Hill
56%
Ms. Marvel
56%
Virginia Potts
55%
Electro
53%
EGO
51%
Abominacja
50%
Agatha Harkness
50%
Erik Killmonger
50%
Yelena Belova
48%
Jane Foster
47%
Dormammu
46%
Kang
46%
Helmut Zemo
45%
Kate Bishop
45%
Kolosus
45%
Panna Minutka
45%
Hank Pym
42%
Starożytna
40%
Red Guardian
39%
Sylvie Laufeydottir
38%
Cosmo
37%
Frigga
37%
Adam Warlock
35%
Korg
35%
Gorr
34%
Yellowjacket
34%
Monica Rambeau
33%
Mobius
31%
Sharon Carter
30%
Cassie Lang
28%
Darcy Lewis
28%
Ikaris
28%
T'Chaka
28%
John Walker
26%
Sprite
26%
Thena
25%
Maya Lopez
23%
Janet van Dyne
18%
Sersi
18%
Nakia
17%
Ajak
16%
B-15
16%
Chonsu
16%
Talos
16%
Makkari
14%
Ravona Renslayer
14%
Druig
13%
Everett Ross
13%
Gilgamesh
13%
Karli Morgenthau
13%
Kingo
13%
Ramonda
13%
Uroboros
13%
Kraglin
11%
Melina
11%
Phastos
11%
Titania
10%
G'iah
9%
Gravik
8%
Ammit
7%
Arthur Harrow
7%
Casey
7%
Layla El-Faouly
7%
Taweret
3%
Nie znaleziono quizów pasujących do podanych kryteriów
Rozkład punktacji
Procent ludzi z każdym wynikiem
Percentyl według liczby udzielonych odpowiedzi
Twoja historia wyników
Nie rozwiązałeś tego quizu od ostatniego zresetowania